000 00981ngm a22003490a 4500
001 PT19334
003 AR-LpoUNG
005 20210202000302.0
007 vd cvaizq
008 191001s1999||||ag |||||||||||||||||spa d
037 _c$18.30
040 _aAR-LpoUNG
_bspa
_cAR-LpoUNG
_eaacr
041 _aspa
044 _aag
082 0 _a982.065 328vei
100 1 _aCartoy Díaz, Emilio
_edir.
245 1 0 _a20 años 20 poemas 20 artistas :
_bvideo homenaje a las Madres de Plaza de Mayo
260 _aBuenos Aires :
_bPágina 12,
_c1999.
300 _aVHS (90 min.) : son, col.
650 4 _aARGENTINA
650 4 _aDEMOCRACIA
650 4 _aDERECHOS HUMANOS
650 4 _aDICTADURA
650 4 _aGOBIERNO MILITAR
650 4 _aHISTORIA POLITICA
650 4 _aHISTORIA SOCIAL
653 _aVIDEOS
710 2 _aAsociación Madres de Plaza de Mayo (Buenos Aires)
710 2 _aTEA Imagen (firma comercial : Buenos Aires)
905 _a19334
942 _cVIDEO
999 _c54528
_d54528